LEADER 01880nas 2200577-a 450 001 996201007703316 005 20221208213020.0 011 $a1557-9506 035 $a(DE-599)ZDB2088618-4 035 $a(OCoLC)50475819 035 $a(CKB)958480197200 035 $a(CONSER)--2005214026 035 $a(EXLCZ)99958480197200 100 $a20020823b197u2001 s-- a 101 0 $aeng 135 $aurmnu|||||||| 181 $ctxt$2rdacontent 182 $cc$2rdamedia 183 $acr$2rdacarrier 200 00$aACM SIGBIO newsletter 210 $a[New York, N.Y.] $cAMC Press$d-2001 311 $a0163-5697 517 3 $aSIGBIO newsletter 531 $aSIGBIO NEWSL 531 0 $aACM SIGBIO newsl. 606 $aMedicine$xData processing$vPeriodicals 606 $aBiomedical engineering$xData processing$vPeriodicals 606 $aElectronic Data Processing 606 $aMedicine 606 $aGénie biomédical$xInformatique$vPériodiques 606 $aMédecine$xInformatique$vPériodiques 606 $aInformatique 606 $aBiomedical engineering$xData processing$2fast$3(OCoLC)fst00832570 606 $aMedicine$xData processing$2fast$3(OCoLC)fst01014924 608 $aPeriodical 608 $aPeriodicals.$2fast 615 0$aMedicine$xData processing 615 0$aBiomedical engineering$xData processing 615 2$aElectronic Data Processing 615 2$aMedicine 615 6$aGénie biomédical$xInformatique 615 6$aMédecine$xInformatique 615 6$aInformatique. 615 7$aBiomedical engineering$xData processing. 615 7$aMedicine$xData processing. 676 $a610.285 712 02$aAssociation for Computing Machinery.$bSpecial Interest Group on Biomedical Computing. 906 $aJOURNAL 912 $a996201007703316 996 $aACM SIGBIO newsletter$92425889 997 $aUNISA LEADER 01905nam 2200349 450 001 9910678596603321 005 20230509084501.0 035 $a(CKB)5690000000120843 035 $a(NjHacI)995690000000120843 035 $a(EXLCZ)995690000000120843 100 $a20230509d2023 uy 0 101 0 $aspa 135 $aur||||||||||| 181 $ctxt$2rdacontent 182 $cc$2rdamedia 183 $acr$2rdacarrier 200 10$aEstrategias para desarrollar habilidades del pensamiento en la educacio?n superior $evariables ocultas y estrategias /$fMargarita Aravena Gaete 210 1$a[Place of publication not identified] :$cAriadna Ediciones,$d2023. 215 $a1 online resource (132 pages) $cillustrations 311 $a956-6095-76-7 330 $aObra que se centra en la importancia de las estrategias para impulsar el desarrollo de tareas intelectuales complejas en el alumnado universitario.Los temas, tienen un gran intere?s teo?rico y pra?ctico porque se centran en el desarrollo de habilidades cognitivas superiores: simulacio?n, argumentacio?n, dia?logo, pensamiento cri?tico, trabajos acade?micos, aprendizaje basado en problemas, comparacio?n, metodologi?as activas, implementacio?n de un test cognitivo.Se trata de un libro al servicio de la dida?ctica, en una de las cuestiones ma?s relevantes de la misma: la reflexio?n sobre las tareas del aprendizaje. Se pone el foco en el que aprende como debe ser. 517 $aEstrategias para desarrollar habilidades del pensamiento en la educación superior 606 $aEducation, Higher 615 0$aEducation, Higher. 676 $a378 700 $aAravena-Gaete$b Margarita$01311749 801 0$bNjHacI 801 1$bNjHacl 906 $aBOOK 912 $a9910678596603321 996 $aEstrategias para desarrollar habilidades del pensamiento en la educacio?n superior$93320631 997 $aUNINA